000
00197nam a2200085Ia 4500
008
120527s9999 xx 000 0 und d
100
_a
Merrell, et al
245
_a
Evolution and Genetics
942
_c
BK
999
_c
27296
_d
27296